A HANDBOOK OF PRACTICAL AUDITING (Record no. 15331)
[ view plain ]
| 000 -LEADER | |
|---|---|
| fixed length control field | 00283nam a22001337a 4500 |
| 003 - CONTROL NUMBER IDENTIFIER | |
| control field | SGT |
| 020 ## - INTERNATIONAL STANDARD BOOK NUMBER | |
| International Standard Book Number | 9788121920414 |
| 082 ## - DEWEY DECIMAL CLASSIFICATION NUMBER | |
| Item number | TAN |
| 100 ## - MAIN ENTRY--PERSONAL NAME | |
| Personal name | TANDON B.N |
| 245 ## - TITLE STATEMENT | |
| Title | A HANDBOOK OF PRACTICAL AUDITING |
| 260 ## - PUBLICATION, DISTRIBUTION, ETC. (IMPRINT) | |
| Name of publisher, distributor, etc | S CHAND PUB. |
| Year of Publication | 2018 |
| 300 ## - PAGE DESCRIPTION | |
| No. of Pages | 653 |
| 942 ## - ADDED ENTRY ELEMENTS (KOHA) | |
| Source of classification or shelving scheme | Dewey Decimal Classification |
| Koha item type | Books |
| 942 ## - ADDED ENTRY ELEMENTS (KOHA) | |
| -- | 2 |
| Withdrawn status | Lost status | Source of classification or shelving scheme | Damaged status | Not for loan | Collection code | Home library | Current library | Shelving location | Date acquired | Vendor Name | Cost, normal purchase price | SGTU | Bill Number | Total Checkouts | Full call number | Accession No. (Barcode) | Date last seen | Date last borrowed | Bill Date | Koha item type |
|---|---|---|---|---|---|---|---|---|---|---|---|---|---|---|---|---|---|---|---|---|
| Dewey Decimal Classification | COMMERCE MANAGEMENT | SGT Science & Social Sciences Library | SGT Science & Social Sciences Library | Text Book | 16/03/2018 | UDH PUB. & DISTRIBUTORS | 395.00 | SGTU | 2214 | 11 | TAN | CM4206 | 21/04/2022 | 07/04/2022 | Books | |||||
| Dewey Decimal Classification | COMMERCE MANAGEMENT | SGT Science & Social Sciences Library | SGT Science & Social Sciences Library | Text Book | 16/03/2018 | UDH PUB. & DISTRIBUTORS | 395.00 | SGTU | 2214 | 5 | TAN | CM4207 | 21/12/2020 | 24/02/2020 | Books | |||||
| Dewey Decimal Classification | COMMERCE MANAGEMENT | SGT Science & Social Sciences Library | SGT Science & Social Sciences Library | Text Book | 16/03/2018 | UDH PUB. & DISTRIBUTORS | 395.00 | SGTU | 2214 | 3 | TAN | CM4208 | 24/02/2020 | 04/02/2020 | Books | |||||
| Dewey Decimal Classification | COMMERCE MANAGEMENT | SGT Science & Social Sciences Library | SGT Science & Social Sciences Library | Text Book | 16/03/2018 | UDH PUB. & DISTRIBUTORS | 395.00 | SGTU | 2214 | 2 | TAN | CM4209 | 14/03/2022 | 02/03/2022 | Books | |||||
| Dewey Decimal Classification | COMMERCE MANAGEMENT | SGT Science & Social Sciences Library | SGT Science & Social Sciences Library | Text Book | 16/03/2018 | UDH PUB. & DISTRIBUTORS | 395.00 | SGTU | 2214 | 6 | TAN | CM4210 | 12/10/2020 | 12/03/2020 | Books |